| 000 | 00924nam a2200229 i 4500 | ||
|---|---|---|---|
| 001 | 42421 | ||
| 003 | ES-MaACL | ||
| 005 | 20230906160616.0 | ||
| 007 | t| | ||
| 008 | 021108s1884 sp ||||1| spa d | ||
| 100 | 1 |
_aConejo Soumosiers, José. _940163 |
|
| 245 | 1 | 0 |
_aAguas azoadas artificiales _b: privilegio "Avilés" por veinte años / _cdirección facultativa Antonio Espina y Capo ; propietario José Conejo Soumosiers [texto]. |
| 260 |
_aMadrid : _b[s.n.], _c1884 ( _fImp. de J. Gaspar Klaes) |
||
| 300 |
_a36 p. ; _c22 cm. |
||
| 650 | 0 | 4 |
_aHidroterapia. _913343 |
| 650 | 4 |
_aNitrógeno- _xUso terapéutico. _9152409 |
|
| 700 | 1 |
_aEspina y Capo, Antonio, _d1850-1930 _947840 |
|
| 852 |
_aES-MaACL _jT-855-F-4 |
||
| 852 |
_aES-MaACL _jT-366-F-9 |
||
| 856 |
_uhttp://bibliotecadigitalhispanica.bne.es:80/webclient/DeliveryManager?pid=1833903&custom_att_2=simple_viewer _zIr a la página |
||
| 999 |
_c42421 _d42421 |
||